Colección legislativa de la desamortizacion civil y eclesiástica / (Record no. 184672)

MARC details
000 -LEADER
campo de control de longitud fija 00549nam a2200145 i 4500
001 - NÚMERO DE CONTROL
campo de control 184672
003 - IDENTIFICADOR DE NÚMERO DE CONTROL
campo de control ES-MaACL
005 - FECHA Y HORA DE LA ÚLTIMA TRANSACCIÓN
campo de control 20230906222242.0
008 - DATOS DE LONGITUD FIJA--INFORMACIÓN GENERAL
campo de control de longitud fija 151111s1870 sp |||| | spa d
245 00 - MENCIÓN DEL TÍTULO
Título Colección legislativa de la desamortizacion civil y eclesiástica /
Mención de responsabilidad, etc. formada por la Dirección general de propiedades y derechos del Estado.
260 ## - PUBLICACIÓN, DISTRIBUCIÓN, ETC.
Lugar de publicación, distribución, etc. Madrid :
Nombre del editor, distribuidor, etc. [s.n.],
Fecha de publicación, distribución, etc. 1870 (
Fabricante Impr. y Est. de M. Rivadeneyra)
300 ## - DESCRIPCIÓN FÍSICA
Extensión 1192 p. ;
Dimensiones 21 cm.
650 #4 - PUNTO DE ACCESO ADICIONAL DE MATERIA--TÉRMINO DE MATERIA
Término de materia o nombre geográfico como elemento de entrada Desamortización-
Subdivisión geográfica España-
Subdivisión de forma Legislación.
9 (RLIN) 143793
852 ## - LOCALIZACIÓN
Ubicación ES-MaACL
Número de control de estantería C-3012
Holdings
Estatus retirado Estado de pérdida Estado de daño No para préstamo Colección Biblioteca de origen Biblioteca actual Ubicación en estantería Fecha de adquisición Fuente de adquisición Total de préstamos Signatura topográfica completa Código de barras Visto por última vez Precio de reemplazo Tipo de ítem Koha
        Libros del s. XIX Biblioteca del Ateneo de Madrid Biblioteca del Ateneo de Madrid Sala Palomar 11/11/2015     C-3012 1194441 23/02/2023 23/02/2023 Libro impreso antiguo